郭沫若《水调歌头•粉碎四人帮》默写 - Statistics

General Stats
  • This quiz has been taken 2 times
  • The average score is 8 of 19
Answer Stats
提示 Answer % Correct
第一句 大快人心事
100%
第一句 揪出四人帮
100%
第二句 自比则天武后
100%
第二句 铁帚扫而光
100%
第二句 政治流氓文痞
50%
第二句 狗头军师张
50%
第二句 还有精生白骨
50%
第三句 篡党夺权者
50%
第五句 真是罪该万死
50%
第七句 拥护华主席
50%
第七句 拥护党中央
50%
第三句 一枕梦黄粱
0%
第四句 野心大
0%
第四句 阴谋毒
0%
第四句 诡计狂
0%
第五句 迫害红太阳
0%
第六句 接班人是俊杰
0%
第六句 遗志继承果断
0%
第六句 功绩何辉煌
0%
No matching quizzes found
Score Distribution
Percent of People with Each Score
Percentile by Number Answered
Your Score History
You have not taken this quiz